000 00391nam a2200145Ia 4500
008 231129s1995||||xx |||||||||||||| ||spa||
020 _a968-6210-09-1
040 _bspa
082 _a158.1 H268c
100 _aHardy Pablo Alonso
245 0 _aEl camino hacia la excelencia personal
260 _c1995
264 _aEditorial Grad
942 _2ddc
_cBKS
999 _c10457
_d10457